| 000 | 00946nam a2200265 4500 | ||
|---|---|---|---|
| 001 | 118887 | ||
| 003 | ES-MaACL | ||
| 005 | 20250721062618.0 | ||
| 007 | t| | ||
| 008 | 070214s1967 sp r ||||1| spa d | ||
| 080 | _a33 | ||
| 100 | 1 |
_aPiatier, André. _991750 |
|
| 245 | 1 | 0 |
_aEstadística y observación económica / _cpor André Piatier ; traducción de Julián Leal [v. 1] [ y Nuria Bozzo Durán, v. 2]. |
| 260 |
_aEsplugues de Llobregat, Barcelona : _bAriel, _c[1967] |
||
| 300 |
_a2 v. : _bgráf. ; _c23 cm. |
||
| 504 | _aReferencias bibliográficas. | ||
| 505 | 8 | _aContiene: 1. Metodología, estadística (415 p.) - 2. Econometría, coyuntura, contabilidad nacional (415 p.) | |
| 650 | 7 |
_aEconomía _2embne _912006 |
|
| 650 | 4 |
_aEconometría. _912005 |
|
| 700 | 1 |
_aLeal, Julián. _970970 |
|
| 700 | 1 |
_aBozzo Durán, Nuria. _931222 |
|
| 852 | 4 |
_aES-MaACL _jC-33244-45 |
|
| 852 | 4 |
_aES-MaACL _jE-5847-48 |
|
| 999 |
_c118887 _d118887 |
||